000 00567nam a22001937a 4500
005 20260502142332.0
020 _a9789350096857
041 _aENG
082 _a609
_bCHA
100 _aChalloner, Jack.
245 _a1001 inventions that changed the world since 2,600,000 BCE /
_cJack Challoner.
260 _aGurgan :
_bHachette Book ,
_c2009.
300 _a960 pages :
_billustrations ;
_c20 cm.
504 _aIncludes index.
650 _aInventions
_xHistory.
650 _aTechnology
_xHistory.
650 _aScientific discoveries
_xHistory.
942 _2ddc
_cBK
999 _c24327
_d24327